000
00222 a2200097 4500
001
27801
100
_a
Selby, S M
245
_a
Standard Mathematical Tables
260
_a
_b
The Chamical Rubber Co.
_c
090
_c
18592
_d
18592
942
_a
NUST-CAE
_c
_c
9549
999
_c
262874
_d
262874